Marketingový mix firmy podnikajúcej v stavebnom priemysle bakalárska práca

Salvato in:
Dettagli Bibliografici
Autore principale: Kasman, Robert
Ente Autore: Obchodná fakulta EU. Katedra marketingu
Altri autori: Drábik, Henrich
Natura: Libro
Lingua:slovacco
Pubblicazione: Bratislava 2018
Tags: Aggiungi Tag
Nessun Tag, puoi essere il primo ad aggiungerne!!

MARC

LEADER 00000nbm a2200000 4500
001 0245072
005 20180815084655.6
041 0 |a slo 
044 |a SK 
245 1 0 |a Marketingový mix firmy podnikajúcej v stavebnom priemysle  |b bakalárska práca  |c Robert Kasman ; školiteľ: Henrich Drábik 
264 1 |a Bratislava  |c 2018 
300 |a 47 s. 
100 1 |a Kasman, Robert 
700 1 |a Drábik, Henrich 
710 2 |a Obchodná fakulta EU. Katedra marketingu